Statistics for 2024 MLB Offseason Signings

Click here to take the quiz!

General Stats

  • This quiz has been taken 100 times
    (43 since last reset)
  • The average score is 24 of 30

Answer Stats

HintAnswer% Correct
Cody BellingerChicago Cubs
100%
Shohei OhtaniLos Angeles Dodgers
100%
Matt ChapmanSan Francisco Giants
100%
Josh HaderHouston Astros
95%
Yoshinobu YammaotoLos Angeles Dodgers
95%
J.D. MartinezNew York Mets
92%
Marcus StromanNew York Yankees
92%
Blake SnellSan Francisco Giants
92%
Jordan MontgomeryArizona Diamondbacks
89%
Shōta ImanagaChicago Cubs
87%
Jung Hoo LeeSan Francisco Giants
87%
Teoscar HernándezLos Angeles Dodgers
84%
Rhys HoskinsMilwaukee Brewers
84%
Lourdes Gurriel Jr.Arizona Diamondbacks
82%
Luis SeverinoNew York Mets
82%
Aaron NolaPhiladelphia Phillies
82%
Andrew McCutchenPittsburgh Pirates
82%
Aroldis ChapmanPittsburgh Pirates
82%
Sonny GraySt. Louis Cardinals
82%
Lucas GiolitoBoston Red Sox
76%
Jorge SolerSan Francisco Giants
76%
Jeimer CandelarioCincinnati Reds
74%
Eduardo RodriguezArizona Diamondbacks
71%
Lance LynnSt. Louis Cardinals
71%
Justin TurnerToronto Blue Jays
71%
Will SmithKansas City Royals
58%
Seth LugoKansas City Royals
58%
Mitch GarverSeattle Mariners
58%
Kenta MaedaDetroit Tigers
53%
Michael LorenzenTexas Rangers
37%

Score Distribution

Percentile by Number Answered

Percent of People with Each Score

Your Score History

You have not taken this quiz since the last reset